Beyond Success Corporations and their Critics in the 1990s

Na minha lista:
Detalhes bibliográficos
Autor principal: Kuhn, James W.
Outros Autores: Shriver, Donald W., Jr
Formato: Livro
Idioma:inglês
Publicado em: New York Oxford University Press 1991
Edição:1. ed.
Colecção:<The> Ruffin Series in Business Ethics
Assuntos:
Tags: Adicionar Tag
Sem tags, seja o primeiro a adicionar uma tag!

MARC

LEADER 00000nam a2200000 4500
001 c019537
005 20221206114434.4
020 |a 0-19-506433-X 
041 0 |a eng 
044 |a US 
245 1 0 |a Beyond Success  |b Corporations and their Critics in the 1990s  |c James W. Kuhn, Donald W. Jr. Shriver 
250 |a 1. ed. 
264 1 |a New York  |b Oxford University Press  |c 1991 
300 |a 336 s. 
490 1 |a <The> Ruffin Series in Business Ethics 
830 0 |a <The> Ruffin Series in Business Ethics 
610 2 0 |a podnikanie 
610 2 0 |a podnikatelia 
610 2 0 |a firmy 
610 2 0 |a etika podnikateľská 
610 2 0 |a kritika 
610 2 0 |a manažéri 
100 1 |a Kuhn, James W. 
700 1 |a Shriver, Donald W., Jr.